Ναυτική παράδοση στο Αιγαίο : ταρσανάδες και σκαριά = Maritime tradition in the Aegean : boatyards and wooden vessels

Αποθηκεύτηκε σε:
Λεπτομέρειες βιβλιογραφικής εγγραφής
Άλλοι συγγραφείς: Δαμιανίδης, Κ. Α. (Επιμελητής έκδοσης), Stafford, Stephen (Μεταφραστής)
Μορφή: Βιβλίο
Γλώσσα:Greek
English
Δημοσίευση: Αθήνα : Υπουργείο Αιγαίου, 1997.
Θέματα:
Ετικέτες: Προσθήκη ετικέτας
Δεν υπάρχουν, Καταχωρήστε ετικέτα πρώτοι!

MARC

LEADER 00000cam a2200000 i 4500
001 1/27413
008 020916s1997####gr | | ||| |||| ||gre||
020 |a 960-7859-03-0  
035 |l 10068430 
040 |a GR-MY-UA  |b gre  |e aacr 
041 0 |a gre  |a eng 
082 0 |a 623.8210949582  
245 1 0 |a Ναυτική παράδοση στο Αιγαίο :   |b ταρσανάδες και σκαριά = Maritime tradition in the Aegean : boatyards and wooden vessels /  |c επιστημονική επιμέλεια Κ. Α. Δαμιανίδης ; αγγλική μετάφραση Stephen Stafford.  
246 1 |i Παράλληλος τίτλος:   |a Maritime tradition in the Aegean :   |b boatyards and wooden vessels  
260 |a Αθήνα :   |b Υπουργείο Αιγαίου,   |c 1997.  
300 |a 78 σ.;   |b εικ.;   |c 28 εκ.  
504 |a Περιέχει βιβλιογραφία.  
650 0 0 |a Shipping  |z Aegean Sea  |x History. 
650 0 0 |a Shipbuilding  |z Aegean Sea  |x History. 
700 1 |a Δαμιανίδης, Κ. Α.  |4 edt 
700 1 |a Stafford, Stephen.  |4 trl 
852 |a INST  |b LESVOS  |e 20020916  |h 623.8210949582 ΝΑΥ  |p 005100025125  |q 005100025125  |t BK  |y 0 
852 |a INST  |b LESVOS  |e 20060614  |h 623.8210949582 ΝΑΥ  |p 005100036091  |q 005100036091  |t BK  |y 0 
901 |a BIBL1-2002-3 
901 |a BIBL1-2006-3 
909 |a Λ  |b 099132 
909 |a Λ  |b 128626 
970 |a ΚΑΜΑΤΣΟΥ  |b ΔΕΣΠΟΙΝΑ  |z 2002/09/16